MARC

LEADER 00000nam0a2200000 4500
001 290623
005 20231102000315.0
020 |a RU  |b 83-83432 
035 |a (RuTPU)RU\TPU\book\315177 
090 |a 290623 
100 |a 20150407d1983 km y0rusy5003 ca 
101 0 |a rus 
102 |a RU 
105 |a a z 001zy 
200 1 |a Экономия топлива и энергии в народном хозяйстве Мурманской области  |e [сборник статей]  |f Академия наук СССР (АН СССР), Кольский филиал 
210 |a Апатиты  |c [Б. и.]  |d 1983 
215 |a 112 с.  |c ил. 
320 |a Библиография в конце статей 
606 1 |a Топливо  |x Экономия  |2 stltpush  |3 (RuTPU)RU\TPU\subj\32989 
606 1 |a Электрическая энергия  |x Экономия  |2 stltpush  |3 (RuTPU)RU\TPU\subj\26896  |9 50730 
610 1 |a энергосбережение 
610 1 |a теплоснабжение 
610 1 |a энергетические ресурсы 
610 1 |a ветроэнергетические ресурсы 
610 1 |a теплоэнергетические установки 
610 1 |a надежность 
610 1 |a оптимизация 
610 1 |a подстанции 
610 1 |a грозозащита 
610 1 |a электропотребление 
610 1 |a нормирование 
675 |a 662.6  |z rus  |v 4 
675 |a 621.311.017  |z rus  |v 4 
712 0 2 |a Академия наук СССР (АН СССР)  |b Кольский филиал  |c (1949-1990)  |2 stltpush  |3 (RuTPU)RU\TPU\col\11519 
801 0 |a RU  |b RuMRKP  |c 19950704  |g psbo 
801 1 |a RU  |b 63413507  |c 20150407 
801 2 |a RU  |b 63413507  |c 20181121  |g RCR 
942 |c BK